| 000 | 00622nam a2200205Ia 4500 | ||
|---|---|---|---|
| 003 | GCL | ||
| 008 | 140319s9999 xx 000 0 ara d | ||
| 040 |
_aGCL / _cGCL |
||
| 082 | 0 | 4 |
_a613.95 _bم ط |
| 100 | 1 | _aمدحت عزيز شوقى | |
| 245 | 1 | 0 |
_aالطب والجنس / _cمدحت عزيز شوقى |
| 260 |
_a[S.N] : _bدار الحرية للصحافة والطباعة والنشر ، _c1989 |
||
| 300 | _a188 | ||
| 490 |
_aكتاب الحرية _v0 |
||
| 650 | 0 | 4 | _aالجنس |
| 650 | 0 | 4 | _aالزواج |
| 650 | 0 | 4 | _aالشذوذ الجنسى |
| 650 | 0 | 4 | _aالادوية والجنس |
| 942 |
_2ddc _cBK |
||
| 999 |
_c54616 _d54616 |
||